=LDR 00000nam 2200000 4500 =001 INLIS000000000045840 =005 20150211090700.0 =006 =007 =008 =020 ##$$a 978-979-29-2254-7 =035 ##$$0010-021500000000400 =040 ##$$a NBPDMAT =082 ##$$a 530.076 =090 ##$$a 530.076 $b Agu s =100 ##$$a Agus Kamaludin =245 ##$$a Superpintar IPA SD Kelas 3,4,5, & 6 : $b Jurus Cepat Kuasai IPA / $c Agus Kamaludin =260 ##$$a yogyakarta $b G. Media $c 2012 =300 ##$$a viii, 99 hlm $b Ilus $c 19 cm =500 ##$$a Bibliografi : hal. 99 =650 ##$$a Sains SD - Ulangan Soal Dsb